| 000 | 01013nam a2200301Ia 4500 | ||
|---|---|---|---|
| 001 | 69838 | ||
| 003 | IT-RoPAU | ||
| 008 | 130308s9999 xx 000 0 und d | ||
| 040 | _aIT-RoPAU | ||
| 040 | _cIT-RoPAU | ||
| 041 | _aITALIANO | ||
| 100 | _aStefani Gino | ||
| 100 | _gCodice Aut. SPICS: 1035 | ||
| 245 | _aEssere qualcuno musicalmente | ||
| 245 | _bOrizzonti dell'Educazione Musicale-Quaderni di Musica Applicata N.10 Novembre 1987 | ||
| 250 | _a1a ed. | ||
| 260 | _aASSISI | ||
| 260 | _bPro Civitate Christiana | ||
| 260 | _c1987 [1° Ed.:1987 - Ed.Ling.Originale:1987] | ||
| 300 | _a"32 p. (prefazione: no ; testo: 32 [pagine: 73-104])" | ||
| 500 | _aNote biografiche di Gino Stefani docente di Semiologia della Musica e di Metodologia All'Università di Bologna Aree di Musicalità Identità Cultura Scienza e Tecnica Educazione Musicale | ||
| 650 | _aEDUCAZIONE ALLA MUSICA | ||
| 650 | _eCodice materia Spics: 7012 | ||
| 942 | _cBK | ||
| 957 | _71 | ||
| 999 |
_c60696 _d60696 |
||
| 999 | _bSI | ||
| 999 | _g1 | ||